Online katalóg knižníc regiónu Turca

Ĺudový odev v Heľpe a v Pohorelej (Record no. 20142)

MARC details
000 -LEADER
fixed length control field 00849nam a2200289 a 4500
001 - CONTROL NUMBER
control field 20142
003 - CONTROL NUMBER IDENTIFIER
control field VRT
005 - DATE AND TIME OF LATEST TRANSACTION
control field 20260117115628.0
008 - FIXED-LENGTH DATA ELEMENTS--GENERAL INFORMATION
fixed length control field 000508s1956 cs a gr 000 m slo c
035 ## - SYSTEM CONTROL NUMBER
System control number SAVUKc060677
039 #9 - LEVEL OF BIBLIOGRAPHIC CONTROL AND CODING DETAIL [OBSOLETE]
Level of rules in bibliographic description 201703031113
Level of effort used to assign nonsubject heading access points AUTHORITY
040 ## - CATALOGING SOURCE
Original cataloging agency SAVUK
Language of cataloging slo
Transcribing agency SNK
Description conventions AACR2
041 1# - LANGUAGE CODE
Language code of text/sound track or separate title slo
044 ## - COUNTRY OF PUBLISHING/PRODUCING ENTITY CODE
MARC country code cs
ISO country code CS
080 ## - UNIVERSAL DECIMAL CLASSIFICATION NUMBER
Universal Decimal Classification number 391 (437.6 Heľpa+Pohorelá)
100 1# - MAIN ENTRY--PERSONAL NAME
Personal name Nosáľová, Viera,
Dates associated with a name 1930-
245 10 - TITLE STATEMENT
Title Ĺudový odev v Heľpe a v Pohorelej
Statement of responsibility, etc. Viera Nosáľová
250 ## - EDITION STATEMENT
Edition statement Vyd. 1.
260 ## - PUBLICATION, DISTRIBUTION, ETC.
Place of publication, distribution, etc. Bratislava
Name of publisher, distributor, etc. Slovenské vydavateľstvo krásnej literatúry
Date of publication, distribution, etc. 1956
300 ## - PHYSICAL DESCRIPTION
Extent 209 s.
Other physical details fotogr
490 1# - SERIES STATEMENT
Series statement Knižnica ľudového umenia
Volume/sequential designation 7. sväzok
504 ## - BIBLIOGRAPHY, ETC. NOTE
Bibliography, etc. note Lit., res.
830 #0 - SERIES ADDED ENTRY--UNIFORM TITLE
Uniform title Knižnica ľudového umenia
Volume/sequential designation 7. sväzok
910 ## - USER-OPTION DATA (OCLC)
User-option data savuk
942 ## - ADDED ENTRY ELEMENTS (KOHA)
Source of classification or shelving scheme Dewey Decimal Classification
Koha item type Odborná literatúra pre dospelých
Suppress in OPAC No
949 ## - LOCAL PROCESSING INFORMATION (OCLC)
6 2889009818
a savukC 17473
Holdings
Stav vyradenia Strata Poškodenie Spôsob nadobudnutia Domovská knižnica Aktuálna knižnica Dátum nadobudnutia Total checkouts Čiarový kód exemplára Date last seen Typ exemplára
      Dar Obecná knižnica Horná Štubňa Obecná knižnica Horná Štubňa 17.01.2026   4736200145 17.01.2026 Odborná literatúra pre dospelých
Projekt je podporený Slovenskou asociáciou knižníc
Prevádzkuje Turčianska knižnica Martin 2026